• 首页
  • 本馆介绍
  • 公告通知
  • 最新文献
  • 馆藏检索
  • 电子资源
  • 读者导购
  • 参考咨询
  • 我的图书馆
  • 登录
  • 详细信息显示
  • 放入我的书架
  • 预约/预借图书
  • 作者相关作品
  • 分类相关作品
  • 丛书相关作品
  • 出版社相关作品

书目信息

  • 表格格式
  • 工作单格式
  • 卡片格式
题名:
金属材料
    
 
作者: ;铁道部第二工程局七二一大学材料厂分校 编
分册:  
出版信息: 北京   人民铁道出版社  1978
页数: 365页
开本: 19cm
丛书名: 铁路基建施工技术丛书
单 册:
中图分类: TG14
科图分类:
主题词: 铁路工程-金属材料 , 金属材料-铁路工程 , 金属材料
电子资源:
ISBN:
000 00889nam2 2200265 45
001 0178003744
005 20060519100351.95
010    @dCNY0.92
091    @a15043.6128
100    @a19950727d1978 em y0chiy0121 ea
101 0  @achi
102    @aCN@b110000
105    @ay z 000yy
200 10 @a金属材料@Ajin shu cai liao@f铁道部第二工程局"七·二一"大学材料厂分校编@Ftie dao bu di er gong cheng ju"qi·er yi"da xue cai liao chang fen xiao bian
210    @a北京@c人民铁道出版社@d1978
215    @a365页@d19cm
225 2  @a铁路基建施工技术丛书
410  0 @120010@a铁路基建施工技术丛书
606    @a铁路工程-金属材料
606    @a金属材料-铁路工程
606 0  @a金属材料
690    @aTG14@v3
711 02 @a铁道部第二工程局七二一大学材料厂分校@Atie dao bu di er gong cheng ju qi er yi da xue cai liao chang fen xiao@4编
801  0 @aCN@bTSSF@c20060519
905    @a10447@dTG14@e1
    
    金属材料/铁道部第二工程局"七·二一"大学材料厂分校编.-北京:人民铁道出版社,1978
    365页;19cm.-(铁路基建施工技术丛书)
    
    
    ISBN :CNY0.92
    
●
相关链接 在E读中查询图书 在五车中查询图书 在当当中查询图书 在豆瓣中查询图书


正题名:金属材料     索取号:TG14/1         预约/预借

序号 登录号 条形码 馆藏地/架位号 状态 备注
1 0004346   202361425   密集书库/ [索取号:TG14/1] 在馆    
唐山师范学院图书馆 欢迎您!
大连网信软件有限公司© 版权所有